|
|
|
|
| LEADER |
00000nam0a2200000 4500 |
| 001 |
301248 |
| 005 |
20231102001401.0 |
| 010 |
|
|
|a 9785991660648
|
| 035 |
|
|
|a (RuTPU)RU\TPU\book\326420
|
| 090 |
|
|
|a 301248
|
| 100 |
|
|
|a 20150728d2016 m y0rusy50 ca
|
| 101 |
0 |
|
|a rus
|
| 102 |
|
|
|a RU
|
| 105 |
|
|
|a y j 001zy
|
| 200 |
1 |
|
|a Экологический мониторинг
|e учебник для академического бакалавриата
|f Е. А. Севрюкова
|g Национальный исследовательский университет Московский государственный институт электронной техники (МИЭТ) ; под ред. В. И. Каракеяна
|
| 210 |
|
|
|a Москва
|c Юрайт
|d 2016
|
| 215 |
|
|
|a 397 с.
|
| 225 |
1 |
|
|a Бакалавр. Академический курс
|
| 320 |
|
|
|a Библиогр.: с. 397.
|
| 330 |
|
|
|a В учебнике рассмотрены общетеоретические и практические вопросы надзора и контроля за техносферной безопасностью. Проанализированы структуры современных систем мониторинга безопасности и организации государственной службы наблюдения за изменениями компонентов среды обитания человека. Подробно описаны расчетные и инструментальные методы, а также средства и приборы контроля загрязнения воздуха, воды и почвы. Приведены способы нахождения оптимального решения построения экологически и экономически эффективных систем мониторинга безопасности. Освещены принципы организации государственного, производственного и общественного экологического контроля и работы автоматизированных систем мониторинга безопасности. Особое внимание уделено анализу современных достижений в области экологического мониторинга. Содержание учебника соответствует Федеральному государственному образовательному стандарту высшего профессионального образования третьего поколения и методическим требованиям, предъявляемым к учебным изданиям.
|
| 606 |
1 |
|
|a Экологический мониторинг
|2 stltpush
|3 (RuTPU)RU\TPU\subj\39015
|9 59256
|
| 610 |
1 |
|
|a учебники
|
| 610 |
1 |
|
|a экология
|
| 610 |
1 |
|
|a безопасность
|
| 610 |
1 |
|
|a техническое обеспечение
|
| 610 |
1 |
|
|a нормативно-правовое обеспечение
|
| 610 |
1 |
|
|a измерительная техника
|
| 610 |
1 |
|
|a пробы
|
| 610 |
1 |
|
|a подготовка
|
| 610 |
1 |
|
|a воздух
|
| 610 |
1 |
|
|a вода
|
| 610 |
1 |
|
|a почва
|
| 610 |
1 |
|
|a окружающая среда
|
| 610 |
1 |
|
|a контроль
|
| 610 |
1 |
|
|a техносфера
|
| 610 |
1 |
|
|a химическое загрязнение
|
| 610 |
1 |
|
|a физическое загрязнение
|
| 675 |
|
|
|a 504.064(075.8)
|v 4
|
| 700 |
|
1 |
|a Севрюкова
|b Е. А.
|g Елена Александровна
|
| 702 |
|
1 |
|a Каракеян
|b В. И.
|c Валерий Иванович
|4 340
|
| 712 |
0 |
2 |
|a Национальный исследовательский университет Московский государственный институт электронной техники (МИЭТ)
|c (2010- )
|2 stltpush
|3 (RuTPU)RU\TPU\col\17862
|
| 801 |
|
1 |
|a RU
|b 63413507
|c 20150728
|
| 801 |
|
2 |
|a RU
|b 63413507
|c 20151002
|g RCR
|
| 900 |
|
|
|a Экологический мониторинг
|
| 942 |
|
|
|c BK
|
| 951 |
|
|
|l 8.1
|
| 959 |
|
|
|a 80/20150602
|d 5
|e 529,00
|f ЧЗТЛ:1
|f УФ:4
|